000 00364nam a2200133Ia 4500
008 240624s9999 xx 000 0 und d
041 _aeng
082 _a658.4034 SRI
100 _aSRINIVASAN G
245 _aOPERATIONS RESEARCH PRINCIPLES AND APPLI
260 _c2008
_aNew Delhi
_bPrentice-Hall of India
300 _axv, : 468 : p. : cm. ; 23
365 _cRS
_b36
999 _c10769
_d10769